福知山駅から乗り換えなしで行ける駅 - Statistics

General Stats
  • This quiz has been taken 30 times
    20 since last reset
  • The average score is 61 of 95
Answer Stats
Answer % Correct
尼崎
100%
豊岡
100%
尼崎
100%
三田
100%
新三田
100%
豊岡
100%
新大阪
95%
大阪
95%
京都
95%
城崎温泉
95%
宝塚
95%
篠山口
95%
綾部
90%
伊丹
90%
綾部
90%
宮津
90%
宮津
90%
亀岡
85%
園部
85%
西宮名塩
85%
東舞鶴
85%
大江
85%
天橋立
85%
二条
80%
嵯峨嵐山
80%
下夜久野
80%
上夜久野
80%
和田山
80%
八鹿
80%
谷川
80%
西舞鶴
80%
丹波口
75%
胡麻
75%
太秦
70%
石原
70%
玄武洞
70%
川西池田
70%
久美浜
70%
梅小路京都西
65%
円町
65%
花園
65%
保津峡
65%
和知
65%
養父
65%
江原
65%
柏原
65%
福知山市民病院口
65%
網野
65%
馬堀
60%
並河
60%
千代川
60%
八木
60%
日吉
60%
鍼灸大学前
60%
与謝野
60%
京丹後大宮
60%
峰山
60%
夕日ヶ浦木津温泉
60%
吉富
55%
上川口
55%
中山寺
55%
石生
55%
大江高校前
55%
船岡
50%
下山
50%
安栖里
50%
立木
50%
山家
50%
高津
50%
国府
50%
相野
50%
黒井
50%
丹波竹田
50%
荒河かしの木台
50%
梁瀬
45%
広野
45%
古市
45%
市島
45%
喜多
45%
小天橋
45%
草野
40%
南矢代
40%
丹波大山
40%
梅迫
40%
真倉
40%
大江山口内宮
40%
辛皮
40%
宮村
40%
藍本
35%
下滝
35%
淵垣
35%
35%
下天津
30%
公庄
20%
二俣
20%
No matching quizzes found
Score Distribution
Percent of People with Each Score
Percentile by Number Answered
Your Score History
You have not taken this quiz since the last reset